NBA MVPs In Order - Statistics

General Stats
  • This quiz has been taken 431 times
    388 since last reset
  • The average score is 53 of 69
Answer Stats
Years MVP % Correct
1956 Bob Pettit
84%
1957 Bob Cousy
83%
1961 Bill Russell
82%
1963 Bill Russell
82%
1958 Bill Russell
81%
1962 Bill Russell
81%
2024 Nikola Jokić
81%
1960 Wilt Chamberlain
81%
1959 Bob Pettit
80%
2018 James Harden
80%
2019 Giannis Antetokounmpo
79%
2020 Giannis Antetokounmpo
79%
2023 Joel Embiid
79%
1991 Michael Jordan
79%
1992 Michael Jordan
79%
1998 Michael Jordan
79%
2017 Russell Westbrook
79%
2000 Shaquille O'Neal
79%
2015 Stephen Curry
79%
2016 Stephen Curry
79%
2005 Steve Nash
79%
2006 Steve Nash
79%
2001 Allen Iverson
78%
1996 Michael Jordan
78%
2021 Nikola Jokić
78%
2022 Nikola Jokić
78%
2011 Derrick Rose
77%
1994 Hakeem Olajuwon
77%
2014 Kevin Durant
77%
1984 Larry Bird
77%
1985 Larry Bird
77%
1986 Larry Bird
77%
2009 Lebron James
77%
2010 Lebron James
77%
2012 Lebron James
77%
2013 Lebron James
77%
1987 Magic Johnson
77%
1989 Magic Johnson
77%
1990 Magic Johnson
77%
2002 Tim Duncan
77%
2003 Tim Duncan
77%
1993 Charles Barkley
76%
2007 Dirk Nowitzki
76%
1997 Karl Malone
76%
1965 Bill Russell
75%
1974 Kareem Abdul-Jabbar
75%
1999 Karl Malone
75%
2004 Kevin Garnett
75%
2008 Kobe Bryant
75%
1966 Wilt Chamberlain
75%
1995 David Robinson
74%
1971 Kareem Abdul-Jabbar
74%
1972 Kareem Abdul-Jabbar
74%
1976 Kareem Abdul-Jabbar
74%
1977 Kareem Abdul-Jabbar
73%
1980 Kareem Abdul-Jabbar
73%
1988 Michael Jordan
73%
1964 Oscar Robertson
73%
1967 Wilt Chamberlain
73%
1968 Wilt Chamberlain
73%
1982 Moses Malone
71%
1983 Moses Malone
71%
1981 Julius Erving
70%
1978 Bill Walton
69%
1975 Bob McAdoo
69%
1969 Wes Unseld
69%
1970 Willis Reed
69%
1973 Dave Cowens
68%
1979 Moses Malone
66%
No matching quizzes found
Score Distribution
Percent of People with Each Score
Percentile by Number Answered
Your Score History
You have not taken this quiz since the last reset